Finish the Radiohead song - Statistics

General Stats
  • This quiz has been taken 27 times
  • The average score is 20 of 25
Answer Stats
Hint Answer % Correct
All i Need
95%
Present Tense
95%
Paranoid Android
90%
High and Dry
90%
Anyone can play Guitar
90%
Karma Police
90%
Motion picture Soundtrack
90%
Climbing up the Walls
90%
Thinking about You
90%
House of Cards
86%
Wolf at the Door
86%
How to dissapear completely
81%
Let down
81%
Knives Out
81%
There There
81%
Morning Bell
76%
True love Waits
76%
The Bends
71%
Glass Eyes
67%
Planet Telex
67%
Stop Whispering
67%
Go Slowly
62%
Pyramid Song
57%
India Rubber
52%
Last Flower
43%
No matching quizzes found
Score Distribution
Percent of People with Each Score
Percentile by Number Answered
Your Score History
You have not taken this quiz